000 00265nam a2200097Ia 4500
001 1070871
005 20250827002114.0
008 250824s9999 xx 000 0 und d
245 0 _aTÜRK DİLLERİ VE HALKLARI
_cKARL H. MENGES
260 _bTÜRK DİL KURUMU YAYINLARI
999 _c1070871
_d1070871